| 000 | 00587nam a2200193 a 4500 | ||
|---|---|---|---|
| 005 | 20140310183138.0 | ||
| 008 | 020820s19uu xx 00 eng d | ||
| 020 | _a047150071x | ||
| 050 |
_aHG 4515.15 _b.Ep67 1992 |
||
| 100 | _aEpstein, Ira | ||
| 245 |
_aThe psychology of smart investment : _bmeeting the 6 mental challengess / _cIra Epstein. |
||
| 260 |
_aNew York : _bJohn Wiley & Sons, Inc., _c1992. |
||
| 300 |
_a235 p. : _bill. ; _c25 cm. |
||
| 521 | _aBSBA | ||
| 650 | _aInvestments | ||
| 650 | _aInvestments, psychological aspects | ||
| 942 |
_cBK _2lcc _kFOR |
||
| 999 |
_c19336 _d19336 |
||